| 000 | 00763nam a2200229 i 4500 | ||
|---|---|---|---|
| 001 | 114862 | ||
| 003 | ES-MaACL | ||
| 005 | 20250825062547.0 | ||
| 007 | t| | ||
| 008 | 070412s1926 sp ||||1| spa d | ||
| 080 | _a821.134.2-2"19" | ||
| 100 | 1 |
_aLinares Rivas, Manuel. _972355 |
|
| 245 | 1 | 3 |
_aEl marido de la estrella _b: comedia en tres actos y en prosa / _cManuel Linares Rivas. |
| 260 |
_aMadrid : _bPrensa Moderna, _c1926. |
||
| 300 |
_a78 p. ; _c17 cm. |
||
| 490 | 1 |
_ael Teatro moderno ; _v17 |
|
| 500 | _aEstrenada en el Teatro de Lara de Madrid, el 29 de octubre de 1925. | ||
| 500 | _aAdaptación de la obra de J. Nociers. | ||
| 830 | 0 | 3 |
_aEl teatro moderno (Prensa Moderna) _v17 _9182365 |
| 852 |
_aES-MaACL _jC-13007 |
||
| 999 |
_c114862 _d114862 |
||